01494cac a22002051u 4500008004100000010001600041020002300057020002300080082001700103245008200120250003400202260004500236300003300281504005300314505074000367653001901107942002401126999001501150952012301165081119t 1992xxu||||| |||| 00| 0 eng d a 91028129 a0897746430 (paper) a0897745566 (cloth)00a650.072bLAV10aBusiness Information :bHow to find it, How to use it /cby Michael R. Lavin. a2nd ed., new and expanded ed. aPhoenix, Ariz. :bOryx Press, 1992c1992 axi, 499 p. :bill. ;c28 cm. aIncludes bibliographical references and indexes.0 aSources and forms of business information -- Locating experts -- Finding reference materials -- Finding books, documents, and statistical reports -- Searching journals, newspapers, and news services -- National business directories -- Specialized business directories -- Corporate finances : private companies -- Corporate finances : public companies -- Basic investment information -- Special investment situations -- Investment advice and analysis -- Introduction to statistical reasoning -- The census of population and housing -- General economic statistics -- Industry statistics -- Information on states and local areas -- Marketing information -- Business law sources -- Taxation and accounting. -- Appendix: Keeping up to date. bBuscApril2011 cBBk650.072LAV2ddc c6388d6388 00102ddc4070aMAINbMAINc1STd2007-11-22ePurchasel1o650.072 LAVp000007876r2025-07-15 00:00:00s2009-11-25yBB